2000年代に単独市政施行した市 - Statistics

General Stats
  • This quiz has been taken 33 times
  • The average score is 9 of 14
Answer Stats
市制施行日 解答 備考欄 % Correct
2014年1月1日 滝沢市 旧岩手郡・村から昇格
93%
2002年4月1日 豊見城市 旧島尻郡・村から昇格
83%
2018年10月1日 那珂川市 旧筑紫郡
83%
2012年1月4日 長久手市 旧愛知郡
73%
2013年1月1日 大網白里市 旧山武郡
73%
2001年4月1日 白井市 旧印旛郡
70%
2016年10月10日 富谷市 旧黒川郡
70%
2012年10月1日 白岡市 旧南埼玉郡
67%
2011年11月11日 野々市市 旧石川郡
63%
2002年4月1日 富里市 旧印旛郡
57%
2001年10月1日 栗東市 旧栗太郡
50%
2010年1月4日 みよし市 旧西加茂郡
47%
2002年2月2日 守谷市 旧北相馬郡
40%
2006年4月1日 岩出市 旧那賀郡
30%
No matching quizzes found
Score Distribution
Percent of People with Each Score
Percentile by Number Answered
Your Score History
You have not taken this quiz